Septem linguarum Calepinus, hoc est, Lexicon latinum, variarum linguarum interpretatione adjecta in usum Seminarii Patavini

Detalles Bibliográficos
Autor principal: Calepino, Ambrogio, O. S. A., 1435-1511
Formato: Libro
Publicado: Patavii : typis Seminarii apud Joannem Manfrè, 1752
Edición:Editio septima emendatior, & auctior
Materias:
Colección:Banco de datos
Acervo:Centro de Espiritualidad El Carmen. Toluca. Biblioteca Rafael Checa Curi
Descripción Física:2 t. ; f°
Tema general:Latín - Diccionarios
Notas:Portada con empresa tipográfica del impresor en grabado xilográfico. Texto a dos columnas con paginación en números arábigos, cornisas, titulillos, signaturas y reclamos. Cada tomo con portada y paginación propias. Los t. 1 y 2 publicados en 1752. Paginación: t. 2 [1] h., 481, 86 p. Incluye cabecera de título y letra capitular inicial con motivos fantásticos y florales y letras capitulares historiadas en grabado xilográfico. Encuadernación en pergamino. Daños de humedad y polilla. Número de inventario: 509 (2417)
LEADER 01422nam a22002050004500
035 |a 1357 
041 0 |a lat ; ita 
100 1 |a Calepino, Ambrogio, O. S. A., 1435-1511 
245 1 0 |a Septem linguarum Calepinus, hoc est, Lexicon latinum, variarum linguarum interpretatione adjecta in usum Seminarii Patavini 
250 |a Editio septima emendatior, & auctior 
260 |a Patavii : typis Seminarii apud Joannem Manfrè, 1752 
300 |a 2 t. ; f° 
500 |a Portada con empresa tipográfica del impresor en grabado xilográfico. Texto a dos columnas con paginación en números arábigos, cornisas, titulillos, signaturas y reclamos. Cada tomo con portada y paginación propias. Los t. 1 y 2 publicados en 1752. Paginación: t. 2 [1] h., 481, 86 p. Incluye cabecera de título y letra capitular inicial con motivos fantásticos y florales y letras capitulares historiadas en grabado xilográfico. Encuadernación en pergamino. Daños de humedad y polilla. Número de inventario: 509 (2417) 
505 0 0 |a t. 2 M-Z, p. 1-489; Verba barbara ex Calepini, Passeratii, & Stephani, & Fabri Lexis expulsa, p. 1-1-86  
650 1 0 |a Latín - Diccionarios 
740 0 |a Lexicon latinum, variarum linguarum interpretatione adjecta in usum Seminarii Patavini 
949 |a Fondo Reservado: t. 2 (2417) 
942 |c TOLUCA 
943 |g Centro de Espiritualidad El Carmen. Toluca. Biblioteca Rafael Checa Curi 
999 |c 1081255  |d 1081255